000 00772nam a2200217 a 4500
001 000011461
005 20240412074226.0
008 091019s1982 dr a 000 f spa d
040 _aDO-SdBNP
_bspa
_cBNPHU
082 _aRD867.44
_bR763s
100 1 _aRomero Ramos, Darío
_927144
245 1 0 _aSi yo fuera presidente /
_cDarío Romero Ramos ; prólogo Bruno Silié.
260 _aSanto Domingo :
_bArtes & Impresos,
_c1982.
300 _a98 p. :
_bil. ;
_c18 cm.
650 4 _aSátira política dominicana
_927145
650 0 _aLiteratura dominicana.
_967
651 4 _aRepública Dominicana
_xPolítica Y Gobierno
_xAnécdotas, Chistes, Sátiras, Etc.
_927146
700 1 _aSilié, Bruno,
_epról.
_927147
910 _aValidado. Control de calidad EMS.
049 _aBNPD
999 _c11162
_d11162